000 00622nam a2200229Ia 4500
003 ARRUPE
005 20150930151838.0
008 130307s9999 xx 000 0 und d
040 _cARRUPELIB
050 _aBX4705.F65A3 1934
100 _aFoucauld, Charles de
_919998
245 _aEcrits spirituels de Charles de Foucauld
245 _bermite au sahara apotre des touareg
260 _aParis
260 _bJ. de Gigord
260 _c1923
300 _a266p.
300 _b19cm.
650 _bChristianity -- Theology
_919999
650 _cSocioligal aspects -- Christianity
_920000
942 _2lcc
_cMONOGRAPH
999 _c98173
_d98173